|
|
|
|
| LEADER |
00000nas a22000007a 4500 |
| 001 |
ssj0027854 |
| 003 |
WaSeSS |
| 005 |
20200512172242.0 |
| 006 |
m d |
| 007 |
cr n |
| 008 |
040128c19999999nbufr pss 0 a0eng c |
| 010 |
|
|
|a 2004212059
|
| 016 |
7 |
|
|a 2145312 3
|2 DE-600
|
| 022 |
|
|
|a 1548-3339
|l 1544-1849
|y 1544-1849
|
| 035 |
|
|
|a (WaSeSS)ssj0027854
|
| 037 |
|
|
|b University of Nebraska Press, 233 N. 8th St., Lincoln, NE 68588-0255
|
| 040 |
|
|
|a NSD
|b eng
|c NSD
|d MYG
|d OCLCQ
|d OCL
|d WAU
|d OCL
|d DLC
|d OCLCQ
|d OCLCF
|d N15
|d W2U
|d CEF
|d OCLCQ
|d EZC
|d GILDS
|d OCLCO
|d MST
|d NTG
|d AU@
|d SFB
|d WaSeSS
|
| 042 |
|
|
|a nsdp
|a pcc
|
| 050 |
1 |
4 |
|a PS642
|
| 082 |
1 |
0 |
|a 808
|2 13
|
| 130 |
0 |
|
|a River teeth (Online)
|
| 222 |
|
0 |
|a River teeth
|b (Online)
|
| 245 |
1 |
0 |
|a River teeth
|h [electronic resource] :
|b a journal of nonfiction narrative.
|
| 260 |
|
|
|a Lincoln, Neb. :
|b University of Nebraska Press
|
| 310 |
|
|
|a Semiannual
|
| 362 |
1 |
|
|a Print began with vol. 1, no. 1 (fall 1999).
|
| 506 |
|
|
|a License restrictions may limit access.
|
| 538 |
|
|
|a Mode of access: World Wide Web.
|
| 588 |
|
|
|a Description based on: Vol. 5, no. 1 (fall 2003); title from title screen (Project Muse, viewed May 13, 2004).
|
| 588 |
|
|
|a Latest issue consulted: Vol. 7, no. 1 (fall 2005); (viewed publisher's Web site Dec. 6, 2005).
|
| 650 |
|
0 |
|a American prose literature
|v Periodicals.
|
| 650 |
|
0 |
|a Reportage literature, American
|v Periodicals.
|
| 650 |
|
7 |
|a American prose literature.
|2 fast
|0 (OCoLC)fst00807422
|
| 650 |
|
7 |
|a Reportage literature, American.
|2 fast
|0 (OCoLC)fst01094875
|
| 655 |
|
0 |
|a Electronic journals.
|
| 776 |
1 |
|
|t River teeth
|x 1544-1849
|w (DLC) 2003212202
|w (OCoLC)42647156
|
| 856 |
4 |
0 |
|z Full text available from Research Library: 04/01/2004 to present
|u https://search.proquest.com/publication/29214
|